Countries with Borders Dominated by Another Country - DIFFICULT - Statistics

General Stats
  • This quiz has been taken 90 times
  • The average score is 9 of 20
Answer Stats
Country Neigbouring Country % Border % Correct
Chile Argentina 84%
71%
Argentina Chile 54%
67%
Mexico United States 72%
64%
Spain Portugal 63%
60%
Norway Sweden 64%
59%
North Korea China 85%
56%
Malaysia Indonesia 67%
54%
Kazakhstan Russia 56%
53%
Indonesia Malaysia 63%
47%
Somalia Ethiopia 68%
47%
Morocco Algeria 77%
44%
Guatemala Mexico 57%
41%
Eritrea Ethiopia 56%
36%
Honduras Nicaragua 61%
34%
Guyana Brazil 54%
33%
Malawi Mozambique 54%
33%
Bosnia and Herzegovina Croatia 61%
31%
Djibouti Ethiopia 68%
29%
Gabon Republic of the Congo 75%
29%
Togo Ghana 53%
27%
No matching quizzes found
Score Distribution
Percent of People with Each Score
Percentile by Number Answered
Your Score History
You have not taken this quiz